000 00426nam a22001811a 4500
001 6415
003 OSt
005 20260204212050.0
008 060411s1995||||dr ||||||b||||||||||spa||
050 _aRD 861.44 B181vo
100 _aBalaguer, Joaquín
245 _aVoz silente / Joaquín Balaguer
250 _a4
264 _aSanto Domingo : Corripio
300 _a136 p
650 _aPoesía DominicanaÌ
942 _2ddc
_cBK
999 _c6415
_d6415